000 00637nam a2200217Ia 4500
003 GCL
008 140319s9999 xx 000 0 ara d
040 _aGCL /
_cGCL
082 0 4 _a001.5
_bن ا
100 1 _aنوال عمر
245 1 0 _aالاعلام التعاونى فى ظل عالم متغير . /
_cنوال عمر
700 1 _aعبدالمجيد شكرى
260 _a[S.N] :
_bالعربى للنشر والتوزيع ،
_c1992
300 _a213 ص
490 _a
650 0 4 _aالتعاون الثقافى
650 0 4 _aالاتصال
650 0 4 _aالاعلام
650 0 4 _aالتعاون
942 _2ddc
_cBK
999 _c28229
_d28229